LEADER 01505nam a2200265 u 4500 001 000000025351 003 CaOOAMICUS 005 20070226111444.0 008 950717s1973 it u000 u ita u 035 $a10651062 040 $aPUL$bita 100 1 $aSoldi Rondinini, Gigliola.$0(OLS)http://pul/name/21039 245 10$aPer la storia del Cardinalato nel seolo XV :$b(con l'edizione del trattato De cardinalibus di Martino Garati da Lodi) 260 $aMilano :$bIstituto lombardo di scienze e lettere,$c1973. 300 $a91 p. ;$c25 cm 490 1 $aMemorie dell'Istituto Lombardo-Accademia di Scienze e Lettere.$aClasse di lettere, scienze morali e storiche ;$vvol. 33, fasc. 1 600 14$aGarati, Martino,$dm. 1453.$0(OLS)http://pul/subject/15000 650 4$aCardinali$xStoria$ySec.XV-XVI.$0(OLS)http://pul/subject/15001 830 0$aMemorie dell'Istituto Lombardo-Accademia di Scienze e Lettere.$pClasse di lettere, scienze morali e storiche ;$vvol. 33, fasc. 1.$0(OLS)http://pul/title/4051 850 $aPUL 852 $aPUL$W1$xDP1 Fondo Maccarrone$y58$m1505 E 54$j35466$nBK-PRI$b $qFondi$B35466$CPULBib$Z2$F35466 $H $81 941 1 $a1 961 $aINV: 01594 -- Fondo Mons. M. Maccarrone 996 $6245$aPer la storia del Cardinalato nel seolo XV :$b(con l'edizione del trattato De cardinalibus di Martino Garati da Lodi)$9(OLS)http://pul/title/34938 996 $6260$aMilano :$bIstituto lombardo di scienze e lettere$9(OLS)http://pul/publisher/49515 LEADER 01147nam a2200289 u 4500 001 000000080111 003 CaOOAMICUS 005 20070226123618.0 008 040624s1997 enkb u000 u eng u 020 $a0415126282 035 $a11001783 040 $aPUL$bita 100 1 $aCohn-Sherbok, Dan.$0(OLS)http://pul/name/37214 245 10$aFifty key Jewish thinkers /$cDan Cohn-Sherbok. 260 $aLondon ;$aNew York :$bRoutledge,$cc1997. 300 $axiii, 132 p. :$bc. geogr. ;$c24 cm 490 1 $aKey concepts 504 $aComprende bibliografia. 650 4$aEbrei$xBiografia.$0(OLS)http://pul/subject/27789 650 4$aFilosofia giudaica.$0(OLS)http://pul/subject/27710 830 0$aKey concepts.$0(OLS)http://pul/title/104937 850 $aPUL 852 $aPUL$W1$xSL Religione 3$y85$m296. 092 COHDA 1$j102358$nBK-PRI$qDDC 21$B102358$CPULBib$Z2$F102358 $HPUL95542 $82 941 1 $a9 996 $6020$a0415126282$9(OLS)http://pul/number/105740 996 $6245$aFifty key Jewish thinkers$9(OLS)http://pul/title/104936 996 $6260$aLondon ;$aNew York :$bRoutledge$9(OLS)http://pul/publisher/52469